[Event "Vasylyshyn Memorial WGM"]
[Site "Lviv UKR"]
[Date "2010.11.23"]
[Round "1"]
[White "Cherednichenko, Elena"]
[Black "Chulivska, Vita"]
[Result "0-1"]
[WhiteTitle "WFM"]
[BlackTitle "WIM"]
[WhiteElo "2149"]
[BlackElo "2215"]
[WhiteFideId "14105560"]
[BlackFideId "14108917"]
[EventDate "2010.11.23"]
[EventType "tourn"]

1. d4 Nf6 2. Nf3 e6 3. e3 d5 4. Bd3 c5 5. b3 Nc6 6. Bb2 Bd6 7. Nbd2 Qc7 8. c4
cxd4 9. exd4 O-O 10. O-O b6 11. Rc1 Bb7 12. Re1 Rac8 13. Ne5 Qb8 14. Re3 Rfd8
15. cxd5 exd5 16. f4 Nb4 17. Bb1 Rxc1 18. Bxc1 Re8 19. a3 Nc6 20. Ndf3 Ne4 21.
Nxc6 Bxc6 22. Ne5 Bb7 23. Qh5 g6 24. Qh6 Qc7 25. Bb2 f6 26. Nd3 Ba6 27. g3 Bf8
28. Qh4 Nd2 29. Rxe8 Nf3+ 30. Kg2 Nxh4+ 31. gxh4 Qd7 32. Re2 Qg4+ 33. Kf2 Qxh4+
34. Ke3 Bd6 35. Rf2 Qh3+ 36. Kd2 Bxd3 37. Bxd3 Bxf4+ 38. Rxf4 Qxh2+ 39. Ke3 Qxb2 0-1

[Event "Vasylyshyn Memorial WGM"]
[Site "Lviv UKR"]
[Date "2010.11.23"]
[Round "1"]
[White "Hryhorenko, Nataliya"]
[Black "Petrenko, Svetlana"]
[Result "1-0"]
[WhiteTitle "WIM"]
[BlackTitle "IM"]
[WhiteElo "2344"]
[BlackElo "2256"]
[WhiteFideId "14111390"]
[BlackFideId "13900196"]
[EventDate "2010.11.23"]
[EventType "tourn"]

1. d4 d5 2. Nf3 Nf6 3. c4 e6 4. g3 c6 5. Bg2 Bb4+ 6. Bd2 Be7 7. O-O Ne4 8. Bf4
Nd7 9. Qc2 f5 10. Ne5 O-O 11. f3 Nxe5 12. Bxe5 Nd6 13. Nd2 Nf7 14. Kh1 Nxe5 15.
dxe5 d4 16. f4 c5 17. Rfd1 Qe8 18. Nf1 g5 19. e3 dxe3 20. Nxe3 g4 21. Rd3 h5 22.
Rad1 h4 23. gxh4 Bxh4 24. Nf1 Qh5 25. h3 Rf7 26. Nh2 Rg7 27. Qe2 Qh6 28. hxg4
Qxf4 29. gxf5 Qxf5 30. Be4 Qg5 31. Rd8+ Qxd8 32. Rxd8+ Bxd8 33. Ng4 Bd7 34. Nh6+
Kh8 35. Qh5 Bc6 36. Ng4+ Kg8 37. Bxc6 bxc6 38. Qe8+ Kh7 39. Qh5+ Kg8 40. Qe8+
Kh7 41. Nf6+ Bxf6 42. Qxa8 Bxe5 43. Qxc6 Bxb2 44. Qxc5 e5 45. Qd5 Bd4 46. c5 Rc7
47. c6 a5 48. a4 Bb6 49. Qb5 Bd4 50. Qb8 1-0

[Event "Vasylyshyn Memorial WGM"]
[Site "Lviv UKR"]
[Date "2010.11.23"]
[Round "1"]
[White "Matseyko, Katerina"]
[Black "Soloviova, Liza"]
[Result "1/2-1/2"]
[WhiteTitle "WGM"]
[BlackTitle "WGM"]
[WhiteElo "2243"]
[BlackElo "2315"]
[WhiteFideId "14109794"]
[BlackFideId "14117665"]
[EventDate "2010.11.23"]
[EventType "tourn"]

1. e4 e5 2. Nf3 Nc6 3. Nc3 Nf6 4. Bb5 d6 5. d4 exd4 6. Nxd4 Bd7 7. O-O Be7 8. b3
O-O 9. Bb2 Re8 10. Re1 Bf8 11. Qd2 Re5 12. f4 Re8 13. Rad1 g6 14. Nd5 Bg7 15.
Nxf6+ Bxf6 16. Nxc6 bxc6 17. Bxf6 Qxf6 18. e5 dxe5 19. Qxd7 cxb5 20. fxe5 Rxe5
21. Qxc7 Rxe1+ 22. Rxe1 Qd4+ 23. Kh1 b4 24. h3 a5 1/2-1/2

[Event "Vasylyshyn Memorial WGM"]
[Site "Lviv UKR"]
[Date "2010.11.23"]
[Round "1"]
[White "Gasik, Anna"]
[Black "Chlost, Marlena"]
[Result "1/2-1/2"]
[WhiteTitle "WFM"]
[BlackTitle "WFM"]
[WhiteElo "2196"]
[BlackElo "2152"]
[WhiteFideId "1121952"]
[BlackFideId "1122657"]
[EventDate "2010.11.23"]
[EventType "tourn"]

1. d4 d5 2. c4 e6 3. Nf3 Nf6 4. Nc3 Be7 5. g3 O-O 6. cxd5 exd5 7. Bg2 c5 8. O-O
Nc6 9. Bg5 c4 10. Ne5 Be6 11. b3 Qa5 1/2-1/2

[Event "Vasylyshyn Memorial WGM"]
[Site "Lviv UKR"]
[Date "2010.11.24"]
[Round "2"]
[White "Buksa, Nataliya"]
[Black "Gasik, Anna"]
[Result "1/2-1/2"]
[BlackTitle "WFM"]
[WhiteElo "1943"]
[BlackElo "2196"]
[WhiteFideId "14123622"]
[BlackFideId "1121952"]
[EventDate "2010.11.23"]
[EventType "tourn"]

1. d4 d5 2. c4 c6 3. Nf3 Nf6 4. Nc3 e6 5. Bg5 h6 6. Bh4 dxc4 7. e4 g5 8. Bg3 b5
9. e5 Nd5 10. Qc2 Bb7 11. Nd2 Qb6 12. Rd1 Nd7 13. Nde4 O-O-O 14. Be2 c5 15. dxc5
Nxc5 16. O-O Qc6 17. Nxd5 Nxe4 18. Ne3 Bc5 19. Bf3 h5 20. a4 a6 21. axb5 axb5
22. h3 Rdg8 23. Rc1 g4 24. hxg4 hxg4 25. Bxe4 Qxe4 26. Qxe4 Bxe4 27. Nxc4 bxc4
28. Rxc4 Rh5 29. Rxc5+ Kb7 30. Rc3 Bd5 31. Bf4 Rgh8 32. f3 gxf3 33. gxf3 Rh4 34.
Bg3 Rd4 35. Kg2 Rg8 36. Kh2 Rh8+ 37. Kg2 Rg8 38. Kh2 1/2-1/2

[Event "Vasylyshyn Memorial WGM"]
[Site "Lviv UKR"]
[Date "2010.11.24"]
[Round "2"]
[White "Soloviova, Liza"]
[Black "Fominykh, Maria"]
[Result "1/2-1/2"]
[WhiteTitle "WGM"]
[BlackTitle "WIM"]
[WhiteElo "2315"]
[BlackElo "2309"]
[WhiteFideId "14117665"]
[BlackFideId "4142411"]
[EventDate "2010.11.23"]
[EventType "tourn"]

1. c4 g6 2. Nc3 Bg7 3. d4 Nf6 4. Nf3 O-O 5. e3 d6 6. Be2 Nbd7 7. O-O b6 8. b4 e5
9. b5 Bb7 10. Bb2 Qe7 11. Nd2 Rfe8 12. a4 Nf8 13. a5 exd4 14. exd4 Ne6 15. Bf3
Bxf3 16. Nxf3 Nf4 17. g3 Nh3+ 18. Kg2 Qe6 19. Qd2 Qg4 20. Rfe1 Qh5 21. Rxe8+
Rxe8 22. Re1 Rxe1 23. Qxe1 Nf4+ 24. gxf4 Qg4+ 25. Kf1 Qxf3 26. Qe3 Qh1+ 27. Ke2
Bf8 28. h3 bxa5 29. d5 Nh5 30. f5 gxf5 31. Qg5+ Ng7 32. h4 a4 33. Nxa4 h6 34.
Qxh6 Qe4+ 35. Kd2 Qxc4 36. Nc3 Qd4+ 37. Ke2 Ne6 38. Qe3 Qc4+ 39. Ke1 Nf4 40. Kd2
Qb4 41. Kc2 Qc4 42. Kb1 Nd3 43. Ne4 Bg7 44. Qg5 Nxb2 45. Nf6+ Kf8 46. Nh7+ Kg8
47. Nf6+ Kf8 48. Nh7+ 1/2-1/2

[Event "Vasylyshyn Memorial WGM"]
[Site "Lviv UKR"]
[Date "2010.11.24"]
[Round "2"]
[White "Petrenko, Svetlana"]
[Black "Matseyko, Katerina"]
[Result "1-0"]
[WhiteTitle "IM"]
[BlackTitle "WGM"]
[WhiteElo "2256"]
[BlackElo "2243"]
[WhiteFideId "13900196"]
[BlackFideId "14109794"]
[EventDate "2010.11.23"]
[EventType "tourn"]

1. e4 c5 2. Nf3 b6 3. c4 Bb7 4. Nc3 d6 5. d4 cxd4 6. Nxd4 Nf6 7. f3 a6 8. Be3
Nbd7 9. Be2 e6 10. O-O Be7 11. Qe1 O-O 12. Qg3 Kh8 13. Rfd1 Rc8 14. Rac1 Qc7 15.
Qh3 Rfe8 16. g4 Nf8 17. g5 N6d7 18. f4 Nc5 19. Bf3 e5 20. fxe5 dxe5 21. Nf5 Nfe6
22. Qg4 Qb8 23. b4 Nxe4 24. Nxe4 Bxe4 25. Bxe4 Bxb4 26. Qh4 Nc5 27. Bxc5 Bxc5+
28. Kg2 g6 29. Nh6 Rc7 30. Bd5 Ree7 31. Rf1 Be3 32. Rce1 Bd2 33. Rd1 Bf4 34.
Rxf4 exf4 35. Qxf4 Qf8 36. Qf6+ Qg7 37. Bxf7 Rcd7 38. Rxd7 Rxd7 39. Bd5 Re7 40.
Nf7+ Kg8 41. Qxe7 1-0

[Event "Vasylyshyn Memorial WGM"]
[Site "Lviv UKR"]
[Date "2010.11.24"]
[Round "2"]
[White "Cherednichenko, Elena"]
[Black "Hryhorenko, Nataliya"]
[Result "1-0"]
[WhiteTitle "WFM"]
[BlackTitle "WIM"]
[WhiteElo "2149"]
[BlackElo "2344"]
[WhiteFideId "14105560"]
[BlackFideId "14111390"]
[EventDate "2010.11.23"]
[EventType "tourn"]

1. d4 d5 2. Nf3 Nf6 3. e3 Bg4 4. c4 c6 5. cxd5 Bxf3 6. Qxf3 cxd5 7. Nc3 Nc6 8.
Bd3 e6 9. O-O Bd6 10. Bd2 O-O 11. Rac1 Qe7 12. Qh3 h6 13. f4 Bb4 14. Qf3 Ne8 15.
g4 Nd6 16. a3 Bxc3 17. Bxc3 a5 18. Kh1 f5 19. gxf5 Nxf5 20. Rg1 Qd7 21. Rc2 Nce7
22. Rcg2 Rf7 23. Qh3 b5 24. Be1 Kh8 25. Qh5 Ng8 26. Bxb5 Qe7 27. Qe2 Nf6 28. Bd3
Ne4 29. Qf3 Qb7 30. Qe2 Rc7 31. Rg6 Rc6 32. Bxe4 dxe4 33. Bc3 Kh7 34. Qh5 1-0

[Event "Vasylyshyn Memorial WGM"]
[Site "Lviv UKR"]
[Date "2010.11.25"]
[Round "3"]
[White "Hryhorenko, Nataliya"]
[Black "Chulivska, Vita"]
[Result "1/2-1/2"]
[WhiteTitle "WIM"]
[BlackTitle "WIM"]
[WhiteElo "2344"]
[BlackElo "2215"]
[WhiteFideId "14111390"]
[BlackFideId "14108917"]
[EventDate "2010.11.23"]
[EventType "tourn"]

1. d4 Nf6 2. Nf3 e6 3. c4 d5 4. g3 dxc4 5. Bg2 a6 6. O-O Nc6 7. Nc3 Rb8 8. e4 b5
9. d5 exd5 10. exd5 Nb4 11. Nd4 Bg4 12. Qd2 Qd6 13. h3 Bd7 14. Qe2+ Be7 15. Bf4
Qc5 16. Rfe1 Kf8 17. Bxc7 Re8 18. d6 Bxd6 19. Bxd6+ Qxd6 20. Qd2 Nd3 21. Rxe8+
Kxe8 22. Nde2 Ke7 23. Qg5 Qc5 24. Nd5+ Kf8 25. Rf1 Be6 26. Nef4 Nxf4 27. gxf4 h6
28. Qe5 Nxd5 29. Rd1 Qc7 30. Rxd5 Qxe5 31. Rxe5 g6 32. Bb7 Kg7 33. Bxa6 b4 34.
Rc5 b3 35. axb3 cxb3 36. Bc4 Bxc4 37. Rxc4 Rb8 38. Kg2 Kf6 39. Kf3 Rb5 40. Ke4
Ke6 41. Rc6+ Kd7 42. Rc3 Rb4+ 43. Ke5 Ke7 44. Rc7+ Ke8 45. f5 gxf5 46. Kxf5 Kf8
47. Rc3 Kg7 48. Rg3+ Kf8 49. Ke5 Ke7 50. Rf3 f6+ 51. Kd5 Kf7 52. Kc5 Re4 53.
Rxb3 Rf4 54. Rc3 Rxf2 55. b4 f5 56. Rb3 Ke6 57. b5 Kd7 58. Kd4 Re2 59. Rf3 Re4+
60. Kd5 Rh4 61. Rxf5 Rxh3 62. Rf7+ Kd8 63. Kc6 Rc3+ 64. Kb7 h5 65. Rh7 Rh3 66.
b6 h4 67. Rh5 Rh1 68. Rd5+ Ke7 69. Rc5 h3 70. Kc7 Rb1 71. Rc2 Kf6 72. Rh2 Rc1+
73. Kd7 Rd1+ 74. Kc6 Rc1+ 75. Kd6 Rd1+ 76. Kc7 Rc1+ 77. Kb8 Rb1 78. Kb7 Rb3 79.
Kc7 Rc3+ 80. Kd7 Rd3+ 81. Kc7 1/2-1/2

[Event "Vasylyshyn Memorial WGM"]
[Site "Lviv UKR"]
[Date "2010.11.25"]
[Round "3"]
[White "Matseyko, Katerina"]
[Black "Cherednichenko, Elena"]
[Result "1/2-1/2"]
[WhiteTitle "WGM"]
[BlackTitle "WFM"]
[WhiteElo "2243"]
[BlackElo "2149"]
[WhiteFideId "14109794"]
[BlackFideId "14105560"]
[EventDate "2010.11.23"]
[EventType "tourn"]

1. e4 e5 2. Nf3 Nc6 3. Nc3 Nf6 4. Bb5 Bb4 5. O-O O-O 6. Bxc6 dxc6 7. d3 Bg4 8.
h3 Bh5 9. Bg5 h6 10. Bxf6 Qxf6 11. g4 Bg6 12. Qe2 Bxc3 13. bxc3 Qe7 14. Ne1 Qc5
15. c4 b5 16. cxb5 cxb5 17. Ng2 Kh7 18. Kh1 Rfe8 19. Nh4 b4 20. f4 exf4 21. Rxf4
f6 22. Nxg6 Kxg6 23. Qd2 Rad8 24. Rb1 a5 25. Rf5 Re5 26. h4 Kh7 27. Rbf1 Rxf5
28. gxf5 Qe5 29. Qg2 Qe8 30. Rg1 Qf7 31. Qg6+ Qxg6 32. fxg6+ Kg8 33. Rf1 a4 34.
Rb1 c5 35. Kg2 Kf8 36. Kf3 Ke7 37. Ke3 Ke6 38. c3 Rb8 39. d4 cxd4+ 40. Kxd4 Rd8+
41. Kc4 Rc8+ 42. Kb5 bxc3 43. Kxa4 c2 44. Rc1 Rc4+ 45. Kb3 Rxe4 46. Rxc2 Rxh4
47. Rc7 Rg4 48. Rxg7 Kd6 49. a4 Kc6 50. Kc3 Rxa4 51. Rf7 Rg4 52. Rxf6+ Kd5 53.
g7 Rxg7 54. Rxh6 1/2-1/2

[Event "Vasylyshyn Memorial WGM"]
[Site "Lviv UKR"]
[Date "2010.11.25"]
[Round "3"]
[White "Fominykh, Maria"]
[Black "Petrenko, Svetlana"]
[Result "1/2-1/2"]
[WhiteTitle "WIM"]
[BlackTitle "IM"]
[WhiteElo "2309"]
[BlackElo "2256"]
[WhiteFideId "4142411"]
[BlackFideId "13900196"]
[EventDate "2010.11.23"]
[EventType "tourn"]

1. e4 e5 2. Nf3 Nc6 3. Bc4 Bc5 4. c3 Nf6 5. d3 d6 6. O-O O-O 7. Nbd2 a6 8. Bb3
h6 9. h3 Be6 10. Bc2 Ba7 11. Re1 Ne7 12. Nf1 Ng6 13. Be3 Bxe3 14. Nxe3 c5 1/2-1/2

[Event "Vasylyshyn Memorial WGM"]
[Site "Lviv UKR"]
[Date "2010.11.25"]
[Round "3"]
[White "Gasik, Anna"]
[Black "Soloviova, Liza"]
[Result "1/2-1/2"]
[WhiteTitle "WFM"]
[BlackTitle "WGM"]
[WhiteElo "2196"]
[BlackElo "2315"]
[WhiteFideId "1121952"]
[BlackFideId "14117665"]
[EventDate "2010.11.23"]
[EventType "tourn"]

1. e4 e5 2. Nf3 Nf6 3. Nxe5 d6 4. Nf3 Nxe4 5. Nc3 Nf6 6. d4 Be7 7. Bd3 c6 8. h3
Na6 9. a3 Nc7 10. O-O O-O 11. Re1 Re8 12. Ne2 Bf8 13. Ng3 g6 14. Rxe8 Qxe8 15.
Bg5 Bg7 16. Qd2 Ne6 17. Bh6 Bh8 18. Re1 Qd8 19. Bc4 b5 20. Ba2 Nd5 21. Ne4 Bb7
22. Nfg5 Nxd4 23. Qf4 Nf5 24. Nxf7 Kxf7 25. g4 Be5 26. Qf3 Qd7 27. Nc5 dxc5 28.
Rxe5 Re8 29. Rxe8 Kxe8 30. gxf5 Qxf5 31. Qxf5 gxf5 32. c4 Nb6 33. cxb5 cxb5 34.
Bg8 Be4 35. h4 Nd7 36. Be3 h5 37. Be6 Ne5 38. Bxc5 Nf3+ 39. Kf1 a5 40. Bc8 Nxh4
41. f4 Ng6 42. Bd6 h4 43. Kf2 Ne7 44. Be6 Nc6 45. Bc5 Nd8 46. Bc8 Nb7 47. Bxb7 1/2-1/2

[Event "Vasylyshyn Memorial WGM"]
[Site "Lviv UKR"]
[Date "2010.11.25"]
[Round "3"]
[White "Chlost, Marlena"]
[Black "Buksa, Nataliya"]
[Result "1/2-1/2"]
[WhiteTitle "WFM"]
[WhiteElo "2152"]
[BlackElo "1943"]
[WhiteFideId "1122657"]
[BlackFideId "14123622"]
[EventDate "2010.11.23"]
[EventType "tourn"]

1. e4 c5 2. Nf3 d6 3. d4 cxd4 4. Nxd4 Nf6 5. Nc3 a6 6. Be3 b5 7. a3 Bb7 8. f3
Qc7 9. g4 Nc6 10. g5 Nd7 11. Nd5 Qd8 12. Bh3 Nce5 13. f4 Nc4 14. Qe2 Nc5 15.
O-O-O Nxe4 16. Be6 fxe6 17. Nxe6 Qa5 18. Ndc7+ Kf7 19. Qg4 Kg8 20. Bd4 b4 21.
Nxa8 bxa3 22. Nec7 Nc5 23. b3 a2 24. bxc4 a1=Q+ 25. Bxa1 Qxa1+ 26. Kd2 Qd4+ 27.
Kc1 Nb3+ 28. cxb3 Qc3+ 29. Kb1 Qxb3+ 30. Kc1 Qc3+ 31. Kb1 Be4+ 32. Ka2 Qxc4+ 33.
Ka3 Qc3+ 34. Ka2 Qc2+ 35. Ka3 Qc5+ 36. Ka2 Qc2+ 37. Ka3 Qc3+ 1/2-1/2

[Event "Vasylyshyn Memorial WGM"]
[Site "Lviv UKR"]
[Date "2010.11.26"]
[Round "4"]
[White "Soloviova, Liza"]
[Black "Chlost, Marlena"]
[Result "1/2-1/2"]
[WhiteTitle "WGM"]
[BlackTitle "WFM"]
[WhiteElo "2315"]
[BlackElo "2152"]
[WhiteFideId "14117665"]
[BlackFideId "1122657"]
[EventDate "2010.11.23"]
[EventType "tourn"]

1. Nf3 Nf6 2. d3 d5 3. Nbd2 Bg4 4. e4 e6 5. Be2 c5 6. c3 Nc6 7. O-O Be7 8. a3
O-O 9. Ne1 Bxe2 10. Qxe2 Qb6 11. Kh1 Rae8 12. Nc2 Qa5 13. b3 dxe4 14. Nxe4 Nxe4
15. Qxe4 Bf6 16. Bb2 Rd8 17. Rad1 Qb5 18. c4 Qxb3 19. Bxf6 gxf6 20. Qg4+ Kh8 21.
Qh4 Qxc2 22. Qxf6+ Kg8 23. Qg5+ Kh8 24. Qf6+ Kg8 25. Qg5+ 1/2-1/2

[Event "Vasylyshyn Memorial WGM"]
[Site "Lviv UKR"]
[Date "2010.11.26"]
[Round "4"]
[White "Petrenko, Svetlana"]
[Black "Gasik, Anna"]
[Result "1/2-1/2"]
[WhiteTitle "IM"]
[BlackTitle "WFM"]
[WhiteElo "2256"]
[BlackElo "2196"]
[WhiteFideId "13900196"]
[BlackFideId "1121952"]
[EventDate "2010.11.23"]
[EventType "tourn"]

1. e4 c6 2. d4 d5 3. e5 c5 4. dxc5 Nc6 5. Nf3 Bg4 6. h3 Bxf3 7. Qxf3 e6 8. Bb5
Bxc5 9. c4 Ne7 10. cxd5 Qxd5 11. Qxd5 exd5 12. Nc3 O-O-O 13. Bg5 Nxe5 14. Bxe7
Bxe7 15. O-O-O d4 16. Ne4 f5 17. Ng3 g6 18. f4 Nc6 19. Kb1 a6 20. Bc4 Bh4 21.
Nf1 Rhe8 22. g3 Be7 23. a3 Bd6 24. h4 Re7 25. h5 Rde8 26. hxg6 hxg6 27. Nd2 Re3
28. Bf7 Rf8 29. Nc4 Rxg3 30. Be6+ Kc7 31. Rh7+ Be7 32. Bd5 Re8 33. Re1 b5 34.
Re6 Rg1+ 35. Ka2 Nb8 36. Nd6 Rd8 37. Rhxe7+ Rd7 38. Nf7 d3 39. Rxd7+ Nxd7 40.
Rc6+ Kb8 41. Bb3 d2 42. Rd6 Nc5 43. Bc2 Rg2 44. Ng5 Kc7 45. Rd4 Rf2 46. Bb3 Rf1
47. Bc2 Rf2 48. Bd1 Ne4 49. Kb1 Nxg5 50. fxg5 Rg2 51. Kc2 Rxg5 52. Kxd2 Rg2+ 53.
Be2 g5 54. a4 f4 55. Ke1 f3 56. Bxf3 Rxb2 57. axb5 Rxb5 1/2-1/2

[Event "Vasylyshyn Memorial WGM"]
[Site "Lviv UKR"]
[Date "2010.11.26"]
[Round "4"]
[White "Cherednichenko, Elena"]
[Black "Fominykh, Maria"]
[Result "1/2-1/2"]
[WhiteTitle "WFM"]
[BlackTitle "WIM"]
[WhiteElo "2149"]
[BlackElo "2309"]
[WhiteFideId "14105560"]
[BlackFideId "4142411"]
[EventDate "2010.11.23"]
[EventType "tourn"]

1. d4 d6 2. Nf3 g6 3. c4 Bg7 4. Nc3 Nf6 5. Bf4 O-O 6. h3 b6 7. e3 Bb7 8. Be2
Nbd7 9. O-O Ne4 10. Nxe4 Bxe4 11. Nd2 Bb7 12. Bf3 Bxf3 13. Nxf3 e5 14. Bg3 e4
15. Ne1 f5 16. Rc1 d5 17. Nc2 g5 18. f4 exf3 1/2-1/2

[Event "Vasylyshyn Memorial WGM"]
[Site "Lviv UKR"]
[Date "2010.11.26"]
[Round "4"]
[White "Hryhorenko, Nataliya"]
[Black "Matseyko, Katerina"]
[Result "1-0"]
[WhiteTitle "WIM"]
[BlackTitle "WGM"]
[WhiteElo "2344"]
[BlackElo "2243"]
[WhiteFideId "14111390"]
[BlackFideId "14109794"]
[EventDate "2010.11.23"]
[EventType "tourn"]

1. d4 Nf6 2. Nf3 c5 3. d5 e6 4. Nc3 exd5 5. Nxd5 Nxd5 6. Qxd5 Be7 7. e4 Nc6 8.
Be2 O-O 9. c3 d6 10. O-O Be6 11. Qh5 Qb6 12. Ng5 Bxg5 13. Qxg5 Rad8 14. Qg3 f6
15. b3 d5 16. exd5 Bxd5 17. Bf4 Ne5 18. Rad1 Bf7 19. h4 Qa5 20. h5 Qxa2 21. Rxd8
Rxd8 22. Bxe5 fxe5 23. h6 Bg6 24. Bc4+ Kf8 25. hxg7+ Kxg7 26. Qxe5+ Kh6 27. Qe3+ 1-0

[Event "Vasylyshyn Memorial WGM"]
[Site "Lviv UKR"]
[Date "2010.11.27"]
[Round "5"]
[White "Matseyko, Katerina"]
[Black "Chulivska, Vita"]
[Result "1-0"]
[WhiteTitle "WGM"]
[BlackTitle "WIM"]
[WhiteElo "2243"]
[BlackElo "2215"]
[WhiteFideId "14109794"]
[BlackFideId "14108917"]
[EventDate "2010.11.23"]
[EventType "tourn"]

1. Nf3 c5 2. b3 d5 3. e3 Nc6 4. Bb2 Nf6 5. Bb5 Bd7 6. O-O e6 7. d3 Be7 8. Nbd2
a6 9. Bxc6 Bxc6 10. Ne5 Rc8 11. f4 O-O 12. Ndf3 b5 13. Qe1 Bb7 14. Qg3 c4 15.
Bd4 cxb3 16. cxb3 Bc5 17. Rac1 Bxd4 18. Nxd4 Rxc1 19. Rxc1 Qa5 20. Rc2 Rc8 21.
Nec6 Qa3 22. f5 Bxc6 23. Nxc6 Re8 24. fxe6 fxe6 25. Nd4 Qf8 26. Rc6 e5 27. Ne6
Rxe6 28. Rxe6 Qc8 29. Rxf6 Qc1+ 30. Rf1 1-0

[Event "Vasylyshyn Memorial WGM"]
[Site "Lviv UKR"]
[Date "2010.11.27"]
[Round "5"]
[White "Fominykh, Maria"]
[Black "Hryhorenko, Nataliya"]
[Result "1/2-1/2"]
[WhiteTitle "WIM"]
[BlackTitle "WIM"]
[WhiteElo "2309"]
[BlackElo "2344"]
[WhiteFideId "4142411"]
[BlackFideId "14111390"]
[EventDate "2010.11.23"]
[EventType "tourn"]

1. d4 d5 2. c4 c6 3. Nf3 Nf6 4. Nc3 dxc4 5. a4 Bf5 6. e3 e6 7. Bxc4 Bb4 8. O-O
Nbd7 9. Qe2 Bg6 10. Rd1 O-O 11. h3 Ne4 12. Na2 Bd6 13. Nc3 Qe7 14. Nd2 Nxd2 15.
Qxd2 Nb6 16. Be2 Nd5 17. Bf3 Nb4 18. e4 e5 19. d5 Rfd8 20. Qe2 Bc5 21. Qc4 a5
22. h4 h6 23. h5 Bh7 24. Bd2 cxd5 25. Nxd5 Nxd5 26. exd5 e4 27. Be2 e3 28. Bxe3
Bxe3 29. fxe3 Qxe3+ 30. Kf1 Be4 31. Ra3 Qf4+ 32. Bf3 f5 33. d6+ Kh8 34. d7 Qh2
35. Kf2 Qh4+ 36. Kg1 Qe7 37. Qc7 Ra6 38. Bxe4 fxe4 39. Rc3 Rc6 40. Rxc6 bxc6 41.
Qd6 Qh4 42. Rf1 Kh7 43. Qxc6 Qe7 44. Rf4 Rxd7 45. Qxe4+ Qxe4 46. Rxe4 Rd5 47. g4
g6 48. Re7+ Kg8 49. hxg6 Rd4 1/2-1/2

[Event "Vasylyshyn Memorial WGM"]
[Site "Lviv UKR"]
[Date "2010.11.27"]
[Round "5"]
[White "Gasik, Anna"]
[Black "Cherednichenko, Elena"]
[Result "1/2-1/2"]
[WhiteTitle "WFM"]
[BlackTitle "WFM"]
[WhiteElo "2196"]
[BlackElo "2149"]
[WhiteFideId "1121952"]
[BlackFideId "14105560"]
[EventDate "2010.11.23"]
[EventType "tourn"]

1. e4 e5 2. Nf3 Nc6 3. Bb5 a6 4. Ba4 Nf6 5. O-O Be7 6. Re1 b5 7. Bb3 d6 8. c3
O-O 9. h3 Rb8 10. d4 exd4 11. cxd4 d5 12. e5 Ne4 13. Nbd2 Bf5 14. Bc2 Nb4 15.
Bb1 c5 16. a3 Nc6 17. dxc5 Bxc5 18. Nxe4 Bxe4 19. Bf4 Qb6 20. Bxe4 Bxf2+ 21. Kh1
dxe4 22. Rxe4 Rbc8 23. Qe2 Bc5 24. Rf1 Nd4 25. Nxd4 Bxd4 26. Rd1 Bc5 27. b4 Be7
28. e6 f5 29. Re5 Rce8 30. Rd7 Qc6 31. Be3 Bf6 32. Bd4 Rxe6 33. Rxe6 Qxd7 34.
Bxf6 Rxf6 35. Re7 Qd6 36. Re8+ Kf7 37. Ra8 Qe6 38. Qh5+ Rg6 39. Ra7+ 1/2-1/2

[Event "Vasylyshyn Memorial WGM"]
[Site "Lviv UKR"]
[Date "2010.11.27"]
[Round "5"]
[White "Chlost, Marlena"]
[Black "Petrenko, Svetlana"]
[Result "1/2-1/2"]
[WhiteTitle "WFM"]
[BlackTitle "IM"]
[WhiteElo "2152"]
[BlackElo "2256"]
[WhiteFideId "1122657"]
[BlackFideId "13900196"]
[EventDate "2010.11.23"]
[EventType "tourn"]

1. e4 c5 2. Nf3 e6 3. d4 cxd4 4. Nxd4 Nf6 5. Nc3 Bb4 6. Bd3 Nc6 7. Nxc6 dxc6 8.
Bd2 e5 9. Qe2 Be6 10. Bc4 Bxc4 11. Qxc4 Qd4 12. Qxd4 exd4 13. Nb1 Bc5 14. f3 O-O
15. Bg5 Nd7 16. Nd2 a5 17. Nb3 Bb6 18. O-O-O c5 19. a4 Ne5 20. Bf4 Ng6 21. Bd6
Rfc8 22. h4 Rc6 23. Bg3 Nf8 24. h5 Ne6 25. c4 f6 26. Kc2 Nd8 27. Nc1 Bc7 28.
Bxc7 Rxc7 29. Nd3 Nc6 30. b3 Re8 31. Rde1 b6 32. Nf4 Kf7 33. Nd5 Rb7 34. f4 h6
35. Kd3 Nb4+ 36. Nxb4 axb4 37. g4 Rbe7 38. Rhg1 Kg8 39. Rg2 Kh7 40. Ra2 Ra7 41.
Rea1 Rae7 42. Re2 Ra7 43. Rf1 Rae7 44. Rg1 Kg8 45. Ra1 Ra7 46. Rae1 Rae7 47. Rf1
Rf7 48. Ra1 1/2-1/2

[Event "Vasylyshyn Memorial WGM"]
[Site "Lviv UKR"]
[Date "2010.11.27"]
[Round "5"]
[White "Buksa, Nataliya"]
[Black "Soloviova, Liza"]
[Result "0-1"]
[BlackTitle "WGM"]
[WhiteElo "1943"]
[BlackElo "2315"]
[WhiteFideId "14123622"]
[BlackFideId "14117665"]
[EventDate "2010.11.23"]
[EventType "tourn"]

1. e4 d6 2. d4 Nf6 3. Nc3 g6 4. f4 Bg7 5. Nf3 c6 6. Bd3 Nbd7 7. O-O e5 8. dxe5
dxe5 9. fxe5 Qb6+ 10. Kh1 Ng4 11. e6 fxe6 12. Qe1 O-O 13. Bc4 Nde5 14. Bb3 Qc5
15. Bd2 b5 16. Nd1 a5 17. Bxa5 Rxa5 18. Qxa5 Qd6 19. Nf2 Nxf2+ 20. Rxf2 Ng4 21.
Re2 Bxb2 22. Rb1 Bg7 23. Qe1 Ne5 24. Rd1 Qc5 25. Nxe5 Bxe5 26. Qh4 Qd6 27. Qe1
Qc5 28. Re3 Qb6 29. a4 bxa4 30. Bxa4 c5 31. Rf3 Rxf3 32. gxf3 Kg7 33. Qd2 c4 34.
Qd8 Qf2 35. Qd2 Qxf3+ 36. Kg1 Qg4+ 37. Kf1 c3 38. Qe2 Ba6 39. Rd7+ Kh6 40. Qxa6
Qf3+ 41. Ke1 Bxh2 42. Rxh7+ Kxh7 43. Qa7+ Kh6 0-1

[Event "Vasylyshyn Memorial WGM"]
[Site "Lviv UKR"]
[Date "2010.11.28"]
[Round "6"]
[White "Chulivska, Vita"]
[Black "Soloviova, Liza"]
[Result "0-1"]
[WhiteTitle "WIM"]
[BlackTitle "WGM"]
[WhiteElo "2215"]
[BlackElo "2315"]
[WhiteFideId "14108917"]
[BlackFideId "14117665"]
[EventDate "2010.11.23"]
[EventType "tourn"]

1. e4 e5 2. Nf3 Nf6 3. d4 Nxe4 4. dxe5 d5 5. Nbd2 Nxd2 6. Qxd2 c5 7. Qf4 h6 8.
Bb5+ Nc6 9. O-O Be6 10. c3 Qc7 11. Re1 Be7 12. a3 g5 13. Qa4 a6 14. Bxc6+ Qxc6
15. Qxc6+ bxc6 16. b4 g4 17. Nd2 a5 18. bxa5 c4 19. Nf1 Rxa5 20. a4 Kd7 21. Be3
Bf5 22. Bb6 Ra6 23. a5 Rha8 24. Ne3 Be6 25. Red1 Kc8 26. f4 gxf3 27. gxf3 f6 28.
exf6 Bxf6 29. Rac1 Bg5 30. Kf2 Rxb6 31. axb6 Ra2+ 32. Kg3 Bxe3 33. Ra1 Rxa1 34.
Rxa1 Bxb6 35. f4 d4 36. cxd4 Bxd4 37. Re1 Bf5 38. Rd1 c5 39. Kh4 c3 40. Kh5 c2 0-1